| 000 | 00726nam a22001337a 4500 | ||
|---|---|---|---|
| 040 | _cRUA | ||
| 082 | _aAGR SUO 2013 B056 Or.1 | ||
| 100 | _aSUOS VUTHY | ||
| 245 | _aEffect of weed management on phkaromdul rice variety at osaray commun, tramkok district, takeo province, (ប្រសិទ្ធភាពនៃការគ្រប់គ្រងស្មៅលើដំណាំស្រូវផ្ការំដួល នៅឃុំអូរសារាយ ស្រុកត្រំាកក់ ខេត្តតាកែវ) | ||
| 260 |
_aphnom penh _bRUA _c2013 |
||
| 300 |
_axiii, 48p. _bill. _c29cm. |
||
| 856 | _uhttps://drive.google.com/file/d/1Od_KW__zqC27CJKnfZUp45_0WJqvBVrO/view?usp=sharing | ||
| 942 | _cAGR | ||
| 999 |
_c1296 _d1296 |
||